|
|
|
|
| LEADER |
00753cam a2200181 7i4500 |
| 001 |
0000022448 |
| 005 |
20090313090000.0 |
| 090 |
0 |
0 |
|a CD 333.7932025
|b FED
|
| 110 |
2 |
0 |
|a Federation of Malaysian Manufacturers [FMM]
|
| 245 |
2 |
0 |
|a FMM - MATRADE industry directory electrical & electronics Malaysia 2007/ 08.
|
| 250 |
0 |
0 |
|a 3rd ed.
|
| 260 |
0 |
0 |
|a [S.l]:
|b Federation of Malaysian Manufacturers [FMM],
|c 2007.
|
| 300 |
# |
# |
|a Electronic computer optical disc [CD-ROM].
|
| 650 |
0 |
0 |
|a Electrical industries --
|x Directories --
|z Malaysia
|
| 650 |
0 |
0 |
|a Electronic industries --
|x Directories --
|z Malaysia
|
| 651 |
0 |
0 |
|a Malaysia
|
| 999 |
|
|
|a CDR000759H
|b CD-ROM
|c AV Collection
|e Business Information Centre
|
| 999 |
|
|
|a CDR000758H
|b CD-ROM
|c AV Collection
|e Business Information Centre
|